Szaporodásbiológiai mutatók vizsgálata a kardoskúti Rákóczi Szövetkezet sertéstelepén

Elmentve itt :
Bibliográfiai részletek
Szerző: Vajda Tamás
További közreműködők: Vidács Lajos (Témavezető)
Dokumentumtípus: Szakdolgozat
Megjelent: 1998
Kulcsszavak:Szaporodásbiológia
Sertéstenyésztés
Kardoskút
Tárgyszavak:
Online Access:http://diploma.bibl.u-szeged.hu/100267
LEADER 00811nta a2200241 i 4500
001 dipl100267
005 20220118085109.0
008 211221s1998 hu om 0|| hun d
040 |a SZTE Diploma Repozitórium  |b hun 
041 |a hun 
100 1 |a Vajda Tamás 
245 1 0 |a Szaporodásbiológiai mutatók vizsgálata a kardoskúti Rákóczi Szövetkezet sertéstelepén  |h [elektronikus dokumentum] /  |c Tamás Vajda 
260 |c 1998 
300 |a 45 
650 4 |a Agrár 
650 4 |a Agricultural sciences 
650 4 |a Animal and Dairy science 
650 4 |a Animal and dairy science 
695 |a Szaporodásbiológia 
695 |a Sertéstenyésztés 
695 |a Kardoskút 
700 1 |a Vidács Lajos  |e ths 
856 4 0 |u http://diploma.bibl.u-szeged.hu/id/eprint/100267/1/1998_vajda_tamas.pdf  |z Dokumentum-elérés